| 000 | 00607nam a2200193Ia 4500 | ||
|---|---|---|---|
| 005 | 20250508154001.0 | ||
| 008 | 008 250505s9999 xx 000 0 eng d | ||
| 037 | _aTextual | ||
| 040 |
_aFEDL _beng _cFEDL |
||
| 041 |
_aeng _2eng |
||
| 084 |
_a379.73, UNI _qFEDL |
||
| 100 |
_aKahn Gerald _9763858 |
||
| 245 | 0 | _aStatistics of local school systems: 1955-56. Chapter 3 section 3 County units | |
| 260 |
_aWashington, USA _bU.S. Government Printing Office _c1959 |
||
| 300 | _aviii,40p. | ||
| 700 |
_a Foster Emery M _9764805 |
||
| 942 |
_cTEXL _h379.73, UNI |
||
| 999 |
_c1346806 _d1346806 |
||